Normal view
MARC view
- Dr. S. Muhammmad Jamil.
Entry Personal Name
001 - CONTROL NUMBER
- control field: 27393
003 - CONTROL NUMBER IDENTIFIER
- control field: NUST
005 - DATE AND TIME OF LATEST TRANSACTION
- control field: 20200108103205.0
008 - FIXED-LENGTH DATA ELEMENTS
- fixed length control field: 200108|| aca||aabn | a|a d
040 ## - CATALOGING SOURCE
- Original cataloging agency: NUST
- Transcribing agency: NUST
100 ## - HEADING--PERSONAL NAME
- Personal name: Dr. S. Muhammmad Jamil.
670 ## - SOURCE DATA FOUND
- Source citation: Work cat.: (NUST): Muhammad Israr Khan. 27392, Revisiting kalabagh dam in light of apprehensions and their clarification /, 2015.
